Countries Ending in ia - Statistics

General Stats
  • This quiz has been taken 412 times
    341 since last reset
  • The average score is 33 of 38
Answer Stats
First Letter Answer % Correct
Z Zambia
94%
A Australia
93%
A Austria
93%
L Lithuania
93%
A Algeria
92%
I Indonesia
92%
L Latvia
92%
T Tanzania
92%
A Albania
91%
E Estonia
91%
S Slovakia
91%
R Russia
90%
S Slovenia
90%
A Armenia
89%
R Romania
89%
N Namibia
88%
B Bolivia
87%
B Bulgaria
87%
I India
87%
S Somalia
87%
C Croatia
86%
E Ethiopia
86%
S Serbia
86%
C Colombia
85%
C Cambodia
84%
N Nigeria
84%
T Tunisia
84%
G Gambia
83%
G Georgia
83%
L Liberia
82%
M Malaysia
81%
M Macedonia
80%
M Mauritania
80%
M Mongolia
77%
S Saudi Arabia
75%
S Syria
75%
F Federated States of Micronesia
73%
S Saint Lucia
63%
No matching quizzes found
Score Distribution
Percent of People with Each Score
Percentile by Number Answered
Your Score History
You have not taken this quiz since the last reset